00385nam a2200145Ia 4500008004100000084001400041100002100055245004900076250002000125260001800145260000900163260002100172300001100193500003500204180424s9999 xx 000 0 und d a515.63 B1 a"Borisenko, A I" 0aVector and Tensor Analysis With Applications a\\196800ENGGPCX aPrentice Hall b1968 cEnglewood Cliffs ax+257p aincludes index and biblioraphy